| 000 | 01620nam a2200373 4500 | ||
|---|---|---|---|
| 001 | 179089 | ||
| 003 | ES-MaACL | ||
| 005 | 20230914190353.0 | ||
| 008 | 110907s2008 sp ado |||| |bglg | ||
| 020 | _a978-84-96950-72-6 | ||
| 080 | _a929 Álvarez Blázquez, Xosé María | ||
| 080 | _a903(460)(082.2) | ||
| 245 | 0 | 0 |
_aHomenaxe a Xosé María Álvarez Blázquez / _ccoordinador, Eduardo Méndez Quintas. |
| 260 |
_aGondomar [Pontevedra] : _bInstituto de Estudos Miñoranos, _c[2008] |
||
| 300 |
_a2 v. : _bil. col. y n., gráf., fot. ; _c22 cm. |
||
| 490 | 1 | _aUniversitas minoris | |
| 500 | _aÍndice. | ||
| 504 | _aReferencias bibliográficas. | ||
| 505 | 8 |
_aContiene: 1 ; _tEscritos sobre arqueoloxía / _rde Xosé María Álvarez Blázquez (293 p.) -- 2. -- _tEstudos sobre Paleolítico (413 p.) |
|
| 600 | 1 | 7 |
_aÁlvarez Blázquez, Xosé María- _vHomenajes. _9147852 |
| 651 | 7 |
_aEspaña- _xRestos arqueológicos prehistóricos. _98490 |
|
| 700 | 1 |
_aÁlvarez Blázquez, Xosé María. _920707 |
|
| 700 | 1 |
_aMéndez Quintas, Eduardo. _9147853 |
|
| 710 | 2 |
_aInstituto de Estudos Miñoranos. _9147854 |
|
| 740 | 0 | _aEscritos sobre arqueoloxía. | |
| 740 | 0 | _aEstudos sobre Paleolítico. | |
| 830 | 0 |
_aUniversitas minoris _9191063 |
|
| 852 |
_aES-MaACL _9185959 _bR.145810 _jA-11477 _dOlim: N-4481 _cDEPO1 _xDonación: Antonio Valverde _pv.1 |
||
| 852 |
_aES-MaACL _9200507 _bR.145810 _jA-11478 _dOlim: N-4482 _xDonación: Antonio Valverde _cDEPO1 _pv.2 |
||
| 903 |
_9113001 _aValverde, Antonio _ednr |
||
| 942 |
_2udc _cMONOGRAFIA |
||
| 999 |
_c179089 _d179089 |
||